| 000 | 00541nam a2200181 a 4500 | ||
|---|---|---|---|
| 001 | 0771 | ||
| 005 | 20140414131900.0 | ||
| 008 | 040929s19uu xx 00 eng d | ||
| 020 | _a971-121-090-8 | ||
| 050 |
_aFIL 921 _bB48 1981 |
||
| 100 | _aBigornia, Mike L. | ||
| 245 |
_aJose Rizal : _cby Mike L. Bigornia ; illustrated by Crisostomo Ibarra. _bang martir sa Bagumbayan / |
||
| 260 |
_aManila : _bAklat Adarna, _c1981. |
||
| 300 | _ap. : ill. ; cm. | ||
| 650 | _aHeroes, Philippines. | ||
| 650 | _aChildren stories. | ||
| 999 |
_c110610 _d110610 |
||